000 00370nam a2200157 i 4500
001 bg
245 0 _aĆwiczenia laboratoryjne z fizyki /
_cR. Dragon [et al.].
250 _aWyd.2.
260 _aOpole,
_c1982.
700 1 _aDragon, Roman.
040 _cBPK
041 _apol
080 _a53(075.8)(076)
942 _cKS
008 s pl f |000 0 pol
999 _c21246
_d21246
856 _uhttp://koha.tu.koszalin.pl/cgi-bin/koha/opac-detail.pl?biblionumber=21246
_yKatalog online BPK